Cherche et trouve #1 - baptistegorce - Statistiques

Statistiques générales
  • Ce quiz a été pris 59 fois
  • Le résultat moyen est 7 sur 7
Statistiques - réponses
Quiz Lettre % Correct
Un quiz où les départements français battent quelque chose en Amérique. P
100%
Un quiz sur la meilleure amie d'Harry Potter. I
94%
Un quiz où l'on trouve beaucoup d'histoires commençant par la lettre P. O
94%
Un quiz aléatoire où la Pyramide du Louvre n'a qu'à bien se tenir! R
94%
Un quiz sur tous les endroits visités par le personnage de fiction favori de baptistegorce. O
92%
Son premier quiz historique avec une image cachée. T
92%
Mot secret Poirot
92%
Aucun quiz correspondant
Distribution des résultats
% des personnes avec chaque résultat
Percentile par nombre de réponses
Votre historique - résultats
Vous n’avez pas pris ce quiz